| 000 | 00000nam 2200000za 4500 |
| 001 | 9.635268 |
| 003 | CaOODSP |
| 005 | 20220107134153 |
| 007 | cr ||||||||||| |
| 008 | 150407s2008 bcc|||||o f|0| 0 fre d |
| 040 | |aCaOODSP|bfre |
| 043 | |an-cn--- |
| 086 | 1 |aHP20-6/5-2007F-PDF |
| 110 | 2 |aCentre national d'information sur la violence dans la famille (Canada) |
| 245 | 14|aLes agressions sexuelles entre frères et sœurs |h[ressource électronique] : |bguide à l'intention des parents / |cpublié par le Vancouver Incest and Sexual Abuse Centre. |
| 246 | 3 |aLivrets d'information sur la violence sexuelle 2008 |
| 260 | |aVancouver : |bAgence de santé publique du Canada, |cc2008. |
| 300 | |a11 p. : |bill. |
| 500 | |aLe n° de catalogue (HP20-6/5-2007) l'ISBN (978-0-9809135-5-2) de l'édition imprimée bilingue ont été incorrectement copiés dans l'édition PDF. |
| 520 | 3 |aCette brochure a été écrite pour les parents qui veulent comprendre ou empêcher la violence sexuelle entre frères et sœurs dans leur propre famille ou y mettre un terme. Elle explique quelques-uns des facteurs qui contribuent à la violence sexuelle entre frères et sœurs et décrit ses effets sur les victimes. |
| 590 | |a08-14|b2008-04-04 |
| 691 | 07|aCrime sexuel|2gcpds |
| 775 | 08|tSibling sexual abuse |w(CaOODSP)9.690924 |
| 776 | 0#|tSibling sexual abuse : |w(CaOODSP)9.669589 |
| 776 | 0#|tLes agressions sexuelles entre frères et soeurs : |w(CaOODSP)9.669590 |
| 795 | |t[Les agressions sexuelles entre frères et sœurs] |w(CaOODSP)9.639827 |
| 856 | 40|ahttp://publications.gc.ca|qPDF|s653 Ko|uhttps://publications.gc.ca/collections/collection_2008/phac-aspc/HP20-6-5-2007F.pdf |